| 000 | 00861nam a2200265Ia 4500 | ||
|---|---|---|---|
| 003 | OSt | ||
| 005 | 20220918171404.0 | ||
| 006 | a|||||r|||| 00| 0 | ||
| 007 | ta | ||
| 008 | 220917b |||||||| |||| 00| 0 eng d | ||
| 020 |
_a9781604560640 (hbk) _c3933.40 |
||
| 024 | _a238,922 | ||
| 037 |
_b075, 31/10/2008, Insat Books & Periodicals _cTextual |
||
| 040 |
_aARTS _cARTS _beng |
||
| 041 |
_2eng _aeng |
||
| 082 | _aY11:1.1, P8 | ||
| 100 |
_aGerber Rod Ed. _936260 |
||
| 245 | 0 |
_aChildren's lifeworlds _b Locating indigenous voices |
|
| 260 |
_aNew York _bNova Science Publishers USA _c2008 |
||
| 300 |
_aix,257p. _ccm. |
||
| 650 | _aSOCIOLOGY | ||
| 700 |
_a Robertson Margaret Ed. _936261 |
||
| 942 |
_hY11:1.1, P8 _cTEXL _2CC |
||
| 999 |
_c139335 _d139335 |
||